Le traitement des délinquants jeunes et adultes
Uloženo v:
| Médium: | Kniha |
|---|---|
| Jazyk: | francouzština |
| Vydáno: |
París
Dalloz
1966
|
| Témata: | |
| Tagy: |
Přidat tag
Žádné tagy, Buďte první, kdo vytvoří štítek k tomuto záznamu!
|
MARC
| LEADER | 00000nam a2200000 a 4500 | ||
|---|---|---|---|
| 001 | UCS0307 | ||
| 003 | CL-VaPUC | ||
| 005 | 20200123182210.0 | ||
| 008 | 970418e19660000fr 1 fre d | ||
| 082 | 0 | 4 | |a 364.6 |b LET |2 21 |
| 245 | 1 | 3 | |a Le traitement des délinquants jeunes et adultes |
| 260 | |a París |b Dalloz |c 1966 | ||
| 300 | |a 460 p | ||
| 583 | |a last modification |c 19970418 00:00:00 |k Rodrigo Vera | ||
| 650 | 0 | 7 | |a DELINCUENTES |2 CL-VaPUC |9 315465 |
| 650 | 0 | 7 | |a DERECHO PENAL |2 CL-VaPUC |9 11 |
| 650 | 0 | 7 | |a PSICOLOGIA CRIMINAL |2 CL-VaPUC |9 256274 |
| 650 | 0 | 7 | |a DELINCUENCIA JUV |9 606541ENIL |2 CL-VaPUC |
| 650 | 0 | 7 | |a TRATAMIENTO PENITENCIARIO |2 CL-VaPUC |9 618345 |
| 942 | |c BK | ||
| 945 | |a paguirre |d 19970418 00:00:00 | ||
| 546 | |a En Francés | ||
| 518 | |p Congres Francais de Criminologie, 6, Toulouse, 7 al 9 de Octubre de 1965 | ||
| 999 | |c 382907 |d 382905 | ||
| 952 | |0 0 |1 0 |4 0 |6 364_600000000000000_LET_1966 |7 0 |8 P |9 504850 |a BIBDER |b BIBDER |d 2020-01-23 |i 1833502 |o 364.6 LET 1966 |p 1833502 |r 2023-01-25 |w 2020-01-23 |y BK |k DER | ||